000 00310nam a2200121 a 4500
008 100917s1982|||| d
245 1 0 _aPrekliatí králi
_bŽelezný kráľ
100 1 _aDruon, Maurice
260 _bSlovenský spisovateľ
_aBratislava
_c1982
020 _c17
044 _axo
_cSK
041 _aslo
999 _c10490
_d10490